MARC details
| 000 -LEADER |
| fixed length control field |
01039nam a2200301#a 4500 |
| 001 - CONTROL NUMBER |
| control field |
01090 |
| 003 - CONTROL NUMBER IDENTIFIER |
| control field |
HDC |
| 007 - PHYSICAL DESCRIPTION FIXED FIELD--GENERAL INFORMATION |
| fixed length control field |
ta |
| 008 - FIXED-LENGTH DATA ELEMENTS--GENERAL INFORMATION |
| fixed length control field |
230623s2005 xx 000 0 eng d |
| 020 ## - INTERNATIONAL STANDARD BOOK NUMBER |
| International Standard Book Number |
910627355 (hbk.). |
| 040 ## - CATALOGING SOURCE |
| Original cataloging agency |
HDC |
| 050 ## - LIBRARY OF CONGRESS CALL NUMBER |
| Classification number |
TX 911.3 |
| Item number |
.S3 A73 2005 C19 |
| 100 ## - MAIN ENTRY--PERSONAL NAME |
| Personal name |
Arduser, Lora. |
| 245 #0 - TITLE STATEMENT |
| Title |
HACCP & sanitation in restaurants and food service operations : |
| Remainder of title |
a practical guide based on the FDA food code, with companion CD-ROM / |
| Statement of responsibility, etc. |
by Lora Arduser and Douglas Robert Brown. |
| 246 ## - VARYING FORM OF TITLE |
| Title proper/short title |
HACCP and sanitation in restaurants and food service operations |
| 264 ## - PRODUCTION, PUBLICATION, DISTRIBUTION, MANUFACTURE, AND COPYRIGHT NOTICE |
| Place of production, publication, distribution, manufacture |
Ocala, Fla. : |
| Name of producer, publisher, distributor, manufacturer |
Atlantic Pub. Group, |
| Date of production, publication, distribution, manufacture, or copyright notice |
c2005. |
| 300 ## - PHYSICAL DESCRIPTION |
| Extent |
541p. : |
| Other physical details |
ill. ; |
| Dimensions |
29cm. + |
| Accompanying material |
1 CD-ROM (4 3/4 in.) |
| 500 ## - GENERAL NOTE |
| General note |
Includes index. |
| 650 ## - SUBJECT ADDED ENTRY--TOPICAL TERM |
| Topical term or geographic name entry element |
Food handling. |
| 650 ## - SUBJECT ADDED ENTRY--TOPICAL TERM |
| Topical term or geographic name entry element |
Food service employees |
| General subdivision |
Health and hygiene. |
| 650 ## - SUBJECT ADDED ENTRY--TOPICAL TERM |
| Topical term or geographic name entry element |
Food service management. |
| 650 ## - SUBJECT ADDED ENTRY--TOPICAL TERM |
| Topical term or geographic name entry element |
Food service |
| General subdivision |
Sanitation. |
| 700 ## - ADDED ENTRY--PERSONAL NAME |
| Personal name |
Brown, Douglas Robert, |
| Dates associated with a name |
1960- |
| 942 ## - ADDED ENTRY ELEMENTS (KOHA) |
| Source of classification or shelving scheme |
Library of Congress Classification |
| 942 ## - ADDED ENTRY ELEMENTS (KOHA) |
| Koha item type |
Book |
| 942 ## - ADDED ENTRY ELEMENTS (KOHA) |
| Call number prefix |
TX 911.3 |
| 942 ## - ADDED ENTRY ELEMENTS (KOHA) |
| Call number suffix |
.S3 A73 2005 C19 |